000 00644nam a2200145 a 4500
008 071203s2000 ||||||||||||||||| || u
050 _aTHESIS/STUDENT
100 _aChizinga, Harry Mambwe
245 1 0 _aBriefing: towards enhancing client's value for money on construction projects
260 _aKitwe
_bCopperbelt University, School of Built Environment, Department of Building Science
_c2000
350 _a0.00
650 _aLAND
650 _aBRIEFING IN CONSTRUCTION--ZAMBIA
995 _D0.00
_FCBU-MAIN LIBRARY (Kitwe)
_H1
_I0.00
_M1
_UAVAILABLE
_WDec 3, 2007
_ZUniversity Collection
999 _c36145
_d36145